Polyfunkčná budova a verejný priestor, Bratislava - Ružinov
Salvato in:
| Autore principale: | |
|---|---|
| Altri autori: | |
| Natura: | Manoscritto Libro |
| Lingua: | slovacco |
| Pubblicazione: |
2023
|
| Soggetti: | |
| Accesso online: | http://is.stuba.sk/zp/portal_zp.pl?podrobnosti=171321 https://opac.crzp.sk/?fn=detailBiblioForm&sid=C0DEB8E07572332BA8220215805F |
| Tags: |
Nessun Tag, puoi essere il primo ad aggiungerne!!
|
MARC
| LEADER | 00000ntm a22000003a 4500 | ||
|---|---|---|---|
| 001 | stuzp94730 | ||
| 003 | SK-STU | ||
| 005 | 20230921132600.4 | ||
| 007 | ta | ||
| 008 | 150427s2015----xo-----f-mn---000-0-slo-d | ||
| 040 | |a STU |b slo | ||
| 041 | 0 | |a slo | |
| 100 | 1 | |a Teliška, Jozef |u 010310 |4 aut |U SvF Stavebná fakulta |T SvF Katedra architektúry |X 93371 |U V181|V310 |Y 19 |7 93371 | |
| 242 | 0 | 1 | |a Multifunctional building and public space, Bratislava - Ružinov |y eng |
| 245 | 1 | 0 | |a Polyfunkčná budova a verejný priestor, Bratislava - Ružinov |
| 260 | |c 2023 | ||
| 650 | 4 | |a polyfunkčný objekt |2 slo | |
| 650 | 4 | |a Obchodný dom Ružinov |2 slo | |
| 650 | 4 | |a revitalizácia |2 slo | |
| 650 | 4 | |a Department store Ružinov |2 eng | |
| 650 | 4 | |a revitalization |2 eng | |
| 650 | 4 | |a multifunctional object |2 eng | |
| 700 | 1 | |a Bogár, Michal |u 010310 |k Z8 |4 ths |U SvF Stavebná fakulta |T SvF Katedra architektúry |X 71161 |U V181|V310 |Y 19 |7 A000071161 | |
| 856 | 4 | |u http://is.stuba.sk/zp/portal_zp.pl?podrobnosti=171321 | |
| 856 | 4 | |u https://opac.crzp.sk/?fn=detailBiblioForm&sid=C0DEB8E07572332BA8220215805F | |